000 00430nam a2200169Ia 4500
003 GCL
008 140319s9999 xx 000 0 eng d
040 _aGCL /
_cGCL
082 0 4 _a300.72
_bB A
100 1 _aBLAIKIE, NORMAN
245 1 0 _aAPPROCHES TO SOCIAL ENQUIRY /
_cBLAIKIE, NORMAN
260 _a[S.N] :
_bPOLITY PRESS ،
_c1993
300 _a238 p
650 0 4 _aMETHODOLOGY
650 0 4 _aSOCIAL SCIENCE
942 _2ddc
_cBK
999 _c17604
_d17604